000 00645nam a2200277Ia 4500
005 20260121124644.0
008 008 260114s9999 xx 000 0 eng d
020 _a9780691189307
037 _aEBOOK
040 _aCRL
040 _beng
040 _cCRL
041 _2eng
041 _aeng
084 _qCRL
100 _aCostigliola, Frank
_9979711
245 0 _aKennan
260 _bWalter de Gruyter
260 _bWalter de Gruyter
260 _c2023
650 _aPolitical Science
_9979712
856 _uhttp://www.degruyter.com/isbn/9780691189307
942 _cEBOOK
999 _c1556219
_d1556219